000 00748nam a2200193 i 4500
001 187954
003 ES-MaACL
005 20250603182318.0
008 180402s1892 sp |||| | spa d
100 1 _aSainz y Rueda, Teodoro.
_9164472
245 1 0 _aConferencia pronunciada por Teodoro Sainz y Rueda el día 5 de marzo de 1892 :
_b[los economistas].
260 _a[S.l. :
_bs.n.],
_c1892 (
_eMadrid :
_fEstab. Tip. de "El Liberal")
300 _a23 p. ;
_c23 cm.
594 _aPrecede al tít.: Círculo de la Unión Mercantil e Industrial.
651 7 _aEspaña-
_xPolítica comercial-
_yS.XIX
_2
_9172067
710 2 _aCírculo de la Unión Mercantil e Industrial (Madrid)
_92827
852 _aES-MaACL
_jF-13197(7)
999 _c187954
_d187954